Effectiveness of administrative services in Slovakia

Analýza efektívnosti slovenského územného samosprávneho systému so zameraním na veľkosť administratívnych jednotiek. Návrh zmien smerujúcich k zvýšeniu efektívnosti a zlepšeniu administratívnych služieb a poskytovania verejných služieb.

Salvato in:
Dettagli Bibliografici
Autore principale: Černěnko, Tomáš, 1981-
Natura: Capitolo di libro
Lingua:inglese
Soggetti:
Tags: Aggiungi Tag
Nessun Tag, puoi essere il primo ad aggiungerne!!

MARC

LEADER 00000nla a2200000 4500
001 0239260
005 20240502073856.9
041 0 |a eng 
044 |a SK 
245 1 0 |a Effectiveness of administrative services in Slovakia  |c Tomáš Černěnko 
520 |a Analýza efektívnosti slovenského územného samosprávneho systému so zameraním na veľkosť administratívnych jednotiek. Návrh zmien smerujúcich k zvýšeniu efektívnosti a zlepšeniu administratívnych služieb a poskytovania verejných služieb. 
610 2 0 |a analýza práce 
610 2 0 |a správa štátna 
610 2 0 |a správa verejná 
610 2 0 |a efektívnosť práce 
610 2 0 |a efektívnosť spoločenská 
610 2 0 |a Slovensko 
610 2 0 |a služby verejné 
100 1 |a Černěnko, Tomáš, 1981-